Desarrollo, prueba y transferencia de prototipos de producción bovima en el CATIE /
Guardat en:
| Autor principal: | |
|---|---|
| Altres autors: | , , , , |
| Format: | Text |
| Publicat: |
Turrialba:
CATIE
|
| Etiquetes: |
Afegir etiqueta
Sense etiquetes, Sigues el primer a etiquetar aquest registre!
|
MARC
| LEADER | 00000 a a2200000 04500 | ||
|---|---|---|---|
| 001 | 15012 | ||
| 003 | |||
| 040 | |a CRAI/IIS |c CRAI/IIS | ||
| 090 | |a 026300 | ||
| 100 | |a Avila, M. | ||
| 245 | |a Desarrollo, prueba y transferencia de prototipos de producción bovima en el CATIE / |c M. Avila | ||
| 260 | |a Turrialba: |b CATIE | ||
| 300 | |a 21 p. | ||
| 700 | |a Deaton, O. W. | ||
| 700 | |a Ruíz, A. | ||
| 700 | |a Solano, R. | ||
| 700 | |a Vargas, H. | ||
| 700 | |a Villegas, L. | ||
| 999 | |c 17384 |d 17384 | ||
